| 000 | 00417nam a2200169Ia 4500 | ||
|---|---|---|---|
| 008 | 230711s9999||||xx |||||||||||||| ||und|| | ||
| 020 | _a1-933699-41-8 | ||
| 041 | _aENG | ||
| 082 |
_a630 _bYA-C |
||
| 100 | _aYadav,R | ||
| 245 | 0 | _aConverting Deserts Into Oasis | |
| 260 |
_c2022 _aNew Delhi _bStudium Press (India) Pvt. Ltd. |
||
| 300 | _a287p. | ||
| 650 | _aAgriculture | ||
| 700 | _aSingh, R. Paul | ||
| 942 | _cBK | ||
| 999 |
_c7535 _d7535 |
||